[Event "Berlin Lichtenberger op 13th"]
[Site "Berlin"]
[Date "2014.08.21"]
[Round "6"]
[White "Luebke, Thomas"]
[Black "Hilbig, Dieter"]
[Result "1/2-1/2"]
[WhiteElo "1936"]
[BlackElo "2020"]
[PlyCount "81"]
[EventDate "2014.08.16"]
[EventType "swiss"]
[EventRounds "9"]
[EventCountry "GER"]
[SourceTitle "CBM 161 Extra"]
[Source "ChessBase"]
[SourceDate "2014.08.29"]
[SourceVersion "1"]
[SourceVersionDate "2014.08.29"]
[SourceQuality "1"]

1. Nf3 d5 2. g3 Nf6 3. Bg2 g6 4. c4 c6 5. cxd5 cxd5 6. 0-0 Bg7 7. d4 Nc6 8. Bf4 Qb6 9. Qb3 Qxb3 10. axb3 Nh5 11. e3 Nxf4 12. gxf4 f6 13. Nc3 e6 14. Nb5 Ke7 15. Rfc1 Bd7 16. Ne1 a6 17. Na3 Rhc8 18. Nd3 b6 19. b4 Na7 20. Bf1 Nb5 21. f3 Bf8 22. Kf2 Kd8 23. Nxb5 Bxb5 24. e4 Bh6 25. Kg3 Rxc1 26. Rxc1 Bc4 27. Rc3 Kd7 28. Bh3 Bf8 29. f5 exf5 30. exf5 g5 31. f4 Bd6 32. Bg2 Re8 33. Kf2 Bxd3 34. Rxd3 Bxf4 35. Bxd5 Bxh2 36. Be6+ Rxe6 37. fxe6+ Kxe6 38. Rh3 Bd6 39. b5 axb5 40. Rxh7 Bf4 41. Rb7 1/2-1/2

[Event "Berlin Lichtenberger op 12th"]
[Site "Berlin"]
[Date "2013.08.23"]
[Round "7"]
[White "Luebke, Thomas"]
[Black "Batzaya, Ayush"]
[Result "1/2-1/2"]
[WhiteElo "1964"]
[BlackElo "1952"]
[PlyCount "78"]
[EventDate "2013.08.17"]
[EventType "swiss"]
[EventRounds "9"]
[EventCountry "GER"]
[SourceTitle "CBM 156 Extra"]
[Source "ChessBase"]
[SourceDate "2013.10.22"]
[SourceVersion "1"]
[SourceVersionDate "2013.10.22"]
[SourceQuality "1"]

1. e4 c5 2. Nf3 d6 3. d4 cxd4 4. Nxd4 Nf6 5. Nc3 a6 6. Bc4 Qc7 7. Bb3 e6 8. a4 Be7 9. 0-0 0-0 10. Kh1 b6 11. Be3 Bb7 12. f3 Nbd7 13. Qe2 Nc5 14. Ba2 Rfc8 15. Qf2 Qd7 16. Bb3 Rc7 17. Rfd1 Qc8 18. Rd2 h5 19. Rad1 h4 20. Ba2 h3 21. Qg3 hxg2+ 22. Rxg2 g6 23. Nf5 Ncxe4 24. Nxe7+ Rxe7 25. Nxe4 Nxe4 26. Qh4 Rc7 27. fxe4 Rxc2 28. Rdg1 Rxg2 29. Rxg2 Qc6 30. Bb1 Qc4 31. Rf2 d5 32. Qe7 Rf8 33. Qxb7 Qxa4 34. exd5 Qd1+ 35. Kg2 Qxb1 36. d6 Qd1 37. Rd2 Qg4+ 38. Kh1 Qf5 39. Qg2 e5 1/2-1/2

[Event "Berlin Lichtenberger op 12th"]
[Site "Berlin"]
[Date "2013.08.17"]
[Round "1"]
[White "Luebke, Thomas"]
[Black "Millward, Kevin P"]
[Result "1/2-1/2"]
[WhiteElo "1964"]
[BlackElo "1920"]
[PlyCount "105"]
[EventDate "2013.08.17"]
[EventType "swiss"]
[EventRounds "9"]
[EventCountry "GER"]
[SourceTitle "CBM 156 Extra"]
[Source "ChessBase"]
[SourceDate "2013.10.22"]
[SourceVersion "1"]
[SourceVersionDate "2013.10.22"]
[SourceQuality "1"]

1. Nf3 g6 2. c4 Bg7 3. Nc3 d6 4. e3 e5 5. d4 Nc6 6. Be2 f5 7. dxe5 Nxe5 8. Nxe5 Bxe5 9. Bd2 Be6 10. 0-0 Ne7 11. f4 Bg7 12. e4 0-0 13. Bd3 c6 14. Qe2 Qd7 15. Rae1 Rae8 16. Qf2 b6 17. Qg3 fxe4 18. Nxe4 Bxb2 19. Ng5 Nf5 20. Bxf5 Bxf5 21. Bc3 Bxc3 22. Qxc3 Qg7 23. Qd2 Qf6 24. h3 h6 25. Nf3 Be4 26. Nd4 d5 27. cxd5 Bxd5 28. Nf3 Rxe1 29. Nxe1 Kg7 30. Kh2 Re8 31. Nf3 Bxf3 32. Rxf3 c5 33. Rd3 Re7 34. Rd6 Qf7 35. g3 Kh7 36. a3 Qc4 37. Rd7 Qe6 38. Rxe7+ Qxe7 39. Qd5 Qe2+ 40. Kg1 Qe3+ 41. Kg2 Qe2+ 42. Kg1 Qe7 43. h4 Kg7 44. Kf2 b5 45. h5 a5 46. hxg6 b4 47. axb4 axb4 48. f5 h5 49. Kg2 Kf6 50. Kf3 Kg7 51. Kf4 Qc7+ 52. Kf3 Qe7 53. Kf4 1/2-1/2

[Event "Berlin Lichtenberger op 11th"]
[Site "Berlin"]
[Date "2012.08.23"]
[Round "6"]
[White "Luebke, Thomas"]
[Black "Deutschbein, Christopher"]
[Result "1/2-1/2"]
[WhiteElo "1990"]
[BlackElo "2049"]
[PlyCount "20"]
[EventDate "2012.08.18"]
[EventType "swiss"]
[EventRounds "9"]
[EventCountry "GER"]
[SourceTitle "CBM 150 Extra"]
[Source "ChessBase"]
[SourceDate "2012.10.19"]
[SourceVersion "1"]
[SourceVersionDate "2012.10.19"]
[SourceQuality "1"]

1. e4 e5 2. Nf3 Nc6 3. Bb5 a6 4. Ba4 Nf6 5. 0-0 b5 6. Bb3 Be7 7. Re1 0-0 8. h3 d5 9. exd5 Nxd5 10. Nc3 Nxc3 1/2-1/2

[Event "Berlin Lichtenberger op 11th"]
[Site "Berlin"]
[Date "2012.08.21"]
[Round "4"]
[White "Kutzner, Stephen"]
[Black "Luebke, Thomas"]
[Result "1-0"]
[WhiteElo "2036"]
[BlackElo "1990"]
[PlyCount "51"]
[EventDate "2012.08.18"]
[EventType "swiss"]
[EventRounds "9"]
[EventCountry "GER"]
[SourceTitle "CBM 150 Extra"]
[Source "ChessBase"]
[SourceDate "2012.10.19"]
[SourceVersion "1"]
[SourceVersionDate "2012.10.19"]
[SourceQuality "1"]

1. d4 Nf6 2. c4 e6 3. g3 c5 4. d5 exd5 5. cxd5 d6 6. Nf3 g6 7. Bg2 Bg7 8. 0-0 0-0 9. Nc3 a6 10. a4 Re8 11. Nd2 Nbd7 12. e4 Ne5 13. Qc2 g5 14. f4 gxf4 15. gxf4 Ng6 16. Nc4 Ng4 17. Kh1 Bd4 18. Bf3 Nh4 19. Bxg4 Bxg4 20. Be3 Kh8 21. e5 Bxc3 22. Nxd6 Bf5 23. Qxc3 Re7 24. Rad1 b6 25. Rg1 Ng6 26. Nxf5 1-0

[Event "Berlin Lichtenberger op 11th"]
[Site "Berlin"]
[Date "2012.08.18"]
[Round "1"]
[White "Sawlin, Leonid"]
[Black "Luebke, Thomas"]
[Result "1-0"]
[WhiteElo "1952"]
[BlackElo "1990"]
[PlyCount "37"]
[EventDate "2012.08.18"]
[EventType "swiss"]
[EventRounds "9"]
[EventCountry "GER"]
[SourceTitle "CBM 150 Extra"]
[Source "ChessBase"]
[SourceDate "2012.10.19"]
[SourceVersion "1"]
[SourceVersionDate "2012.10.19"]
[SourceQuality "1"]

1. e4 Nc6 2. Nf3 e5 3. d4 exd4 4. Nxd4 Bc5 5. Nb3 Bb6 6. Nc3 Nge7 7. Qe2 0-0 8. Be3 d6 9. 0-0-0 Be6 10. h3 Ne5 11. f4 Nc4 12. Bxb6 Nxb6 13. Nc5 Bc4 14. Qg4 Bxf1 15. Rhxf1 Qc8 16. Qxc8 Rfxc8 17. Nxb7 Nc4 18. Rd4 Nxb2 19. Rb4 1-0

[Event "Leutersdorf Sparkasse op 13th"]
[Site "Leutersdorf"]
[Date "2009.02.14"]
[Round "4"]
[White "Terner, Ralf"]
[Black "Luebke, Thomas"]
[Result "1/2-1/2"]
[WhiteElo "1843"]
[BlackElo "2034"]
[PlyCount "34"]
[EventDate "2009.02.13"]
[EventType "swiss"]
[EventRounds "7"]
[EventCountry "GER"]
[SourceTitle "CBM 128 Extra"]
[Source "ChessBase"]
[SourceDate "2009.03.05"]
[SourceVersion "2"]
[SourceVersionDate "2009.03.25"]
[SourceQuality "1"]

1. c4 Nf6 2. Nc3 e5 3. d3 Nc6 4. g3 d5 5. cxd5 Nxd5 6. Bg2 Be6 7. Nf3 Be7 8. 0-0 0-0 9. d4 exd4 10. Nxd4 Nxd4 11. Nxd5 Bxd5 12. Qxd4 Bxg2 13. Qxd8 Raxd8 14. Kxg2 Bf6 15. Rb1 Rfe8 16. Re1 Rd7 17. e4 c5 1/2-1/2

[Event "Leutersdorf Sparkasse op 13th"]
[Site "Leutersdorf"]
[Date "2009.02.13"]
[Round "2"]
[White "Luebke, Thomas"]
[Black "Gaier, Richard"]
[Result "1/2-1/2"]
[WhiteElo "2034"]
[BlackElo "1536"]
[PlyCount "37"]
[EventDate "2009.02.13"]
[EventType "swiss"]
[EventRounds "7"]
[EventCountry "GER"]
[SourceTitle "CBM 128 Extra"]
[Source "ChessBase"]
[SourceDate "2009.03.05"]
[SourceVersion "2"]
[SourceVersionDate "2009.03.25"]
[SourceQuality "1"]

1. e4 e5 2. Nf3 Nf6 3. Nc3 Nc6 4. d4 exd4 5. Nxd4 Nxd4 6. Qxd4 d6 7. Bc4 Be6 8. 0-0 Be7 9. Nd5 0-0 10. Nxe7+ Qxe7 11. Bg5 Bxc4 12. Bxf6 Qxf6 13. Qxc4 Rac8 14. c3 Qe6 15. Qd4 b6 16. b3 Rfe8 17. f3 Qe5 18. Rad1 Qxd4+ 19. Rxd4 1/2-1/2